000 00347nam a2200145Ia 4500
100 _aDhake/ M/ Arvind
650 _aElectrical Engineering
942 _cBK
654 _aTelevision Engineering
245 _aTelevision engineering
260 _bTata Mc Graw hill Ltd.
_aNew Delhi
_c1984
082 _a621.3
300 _a462
546 _aENGLISH
999 _c34012
_d34012